[Event "DVM U16 2018"]
[Site "Aurich GER"]
[Date "2018.12.29"]
[Round "6"]
[White "Meyling, Lennart"]
[Black "Hundrieser, Malte"]
[Result "1-0"]
[Termination "normal"]
[Board "1.4"]
[WhiteElo "1992"]
[BlackElo "1988"]
[WhiteClock "01:15:46"]
[BlackClock "00:14:16"]
[WhiteTeam "Hamburger SK"]
[BlackTeam "Reideburger SV 90 Halle"]
[PlyCount "49"]
[WhiteFideId "12947130"]
[BlackFideId "12997153"]
[EventCountry "GER"]
[EventRounds "7"]
[EventType "team-swiss"]
[EventDate "2018.12.26"]

1. d4 {[%clk 01:30:59]} Nf6 {[%clk 01:30:53]} {[%emt 00:00:08]} 2. c4 {[%clk
01:31:23]} {[%emt 00:00:06]} e6 {[%clk 01:31:02]} {[%emt 00:00:21]} 3. Nc3
{[%clk 01:31:41]} {[%emt 00:00:11]} Bb4 {[%clk 01:31:12]} {[%emt 00:00:20]} 4.
Qc2 {[%clk 01:32:04]} {[%emt 00:00:07]} d5 {[%clk 01:31:20]} {[%emt 00:00:23]}
5. cxd5 {[%clk 01:32:25]} {[%emt 00:00:09]} exd5 {[%clk 01:31:44]} {[%emt
00:00:06]} 6. Bg5 {[%clk 01:32:43]} {[%emt 00:00:11]} O-O {[%clk 01:31:37]}
{[%emt 00:00:37]} 7. e3 {[%clk 01:33:06]} {[%emt 00:00:08]} Nbd7 {[%clk
01:30:24]} {[%emt 00:01:43]} 8. Bd3 {[%clk 01:33:18]} {[%emt 00:00:17]} h6
{[%clk 01:30:33]} {[%emt 00:00:22]} 9. Bh4 {[%clk 01:30:19]} {[%emt 00:03:28]}
b6 {[%clk 01:30:15]} {[%emt 00:00:49]} 10. a3 {[%clk 01:29:31]} {[%emt
00:01:18]} Be7 {[%clk 01:30:19]} {[%emt 00:00:25]} 11. Nf3 {[%clk 01:29:38]}
{[%emt 00:00:24]} Bb7 {[%clk 01:29:23]} {[%emt 00:01:25]} 12. O-O {[%clk
01:29:53]} {[%emt 00:00:15]} a6 {[%clk 01:23:18]} {[%emt 00:06:35]} 13. Rad1
{[%clk 01:28:53]} {[%emt 00:01:30]} Rc8 {[%clk 01:22:25]} {[%emt 00:01:23]} 14.
Bf5 {[%clk 01:29:00]} {[%emt 00:00:22]} Re8 {[%clk 00:56:27]} {[%emt 00:26:29]}
15. Ne5 {[%clk 01:28:12]} {[%emt 00:01:18]} Rb8 {[%clk 00:56:00]} {[%emt
00:00:57]} 16. f4 {[%clk 01:21:44]} {[%emt 00:06:58]} c5 {[%clk 00:49:51]}
{[%emt 00:06:39]} 17. g4 {[%clk 01:21:02]} {[%emt 00:01:12]} cxd4 {[%clk
00:48:47]} {[%emt 00:01:35]} 18. exd4 {[%clk 01:21:26]} {[%emt 00:00:06]} Nxe5
{[%clk 00:29:39]} {[%emt 00:19:38]} 19. fxe5 {[%clk 01:21:39]} {[%emt
00:00:17]} Nd7 {[%clk 00:27:10]} {[%emt 00:02:59]} 20. Bg3 {[%clk 01:19:43]}
{[%emt 00:02:25]} Nf8 {[%clk 00:19:41]} {[%emt 00:08:00]} 21. e6 {[%clk
01:19:26]} {[%emt 00:00:47]} fxe6 {[%clk 00:19:43]} {[%emt 00:00:27]} 22. Bg6
{[%clk 01:17:21]} {[%emt 00:02:35]} Rc8 {[%clk 00:18:41]} {[%emt 00:01:32]} 23.
Be5 {[%clk 01:15:14]} {[%emt 00:02:37]} Nxg6 {[%clk 00:14:35]} {[%emt
00:04:36]} 24. Qxg6 {[%clk 01:15:30]} {[%emt 00:00:14]} Bf8 {[%clk 00:14:16]}
{[%emt 00:00:49]} 25. Rxf8+ {[%clk 01:15:46]} {[%emt 00:00:15]} 1-0

[Event "DVM U16 2018"]
[Site "Aurich GER"]
[Date "2018.12.29"]
[Round "6"]
[White "Krastev, Alexander"]
[Black "Nguyen, Alex Dac-Vuong"]
[Result "1/2-1/2"]
[Termination "normal"]
[Board "2.1"]
[WhiteElo "2323"]
[BlackElo "2201"]
[WhiteClock "01:01:36"]
[BlackClock "00:51:49"]
[WhiteTeam "Biebertaler SF"]
[BlackTeam "SG Leipzig"]
[PlyCount "44"]
[WhiteFideId "12989983"]
[BlackFideId "12984388"]
[EventCountry "GER"]
[EventRounds "7"]
[EventType "team-swiss"]
[EventDate "2018.12.26"]

1. g3 {[%clk 01:30:44]} {[%emt 00:00:15]} Nf6 {[%clk 01:30:52]} {[%emt
00:00:07]} 2. Bg2 {[%clk 01:31:09]} {[%emt 00:00:06]} d5 {[%clk 01:30:31]}
{[%emt 00:00:52]} 3. Nf3 {[%clk 01:31:14]} {[%emt 00:00:25]} Bf5 {[%clk
01:30:38]} {[%emt 00:00:22]} 4. d3 {[%clk 01:30:46]} {[%emt 00:00:58]} h6
{[%clk 01:30:26]} {[%emt 00:00:42]} 5. Nbd2 {[%clk 01:30:57]} {[%emt 00:00:19]}
e6 {[%clk 01:30:46]} {[%emt 00:00:10]} 6. O-O {[%clk 01:30:58]} {[%emt
00:00:29]} Be7 {[%clk 01:31:05]} {[%emt 00:00:11]} 7. b3 {[%clk 01:30:15]}
{[%emt 00:01:14]} c5 {[%clk 01:31:19]} {[%emt 00:00:15]} 8. c4 {[%clk
01:30:07]} {[%emt 00:00:38]} Nc6 {[%clk 01:30:55]} {[%emt 00:00:53]} 9. Bb2
{[%clk 01:29:37]} {[%emt 00:01:01]} O-O {[%clk 01:30:41]} {[%emt 00:00:44]} 10.
Ne5 {[%clk 01:29:25]} {[%emt 00:00:42]} Nxe5 {[%clk 01:30:10]} {[%emt
00:01:02]} 11. Bxe5 {[%clk 01:29:49]} {[%emt 00:00:05]} Bg6 {[%clk 01:23:31]}
{[%emt 00:07:08]} 12. Bb2 {[%clk 01:28:28]} {[%emt 00:01:51]} Rc8 {[%clk
01:22:55]} {[%emt 00:01:07]} 13. Re1 {[%clk 01:23:28]} {[%emt 00:05:30]} Qc7
{[%clk 01:17:11]} {[%emt 00:06:14]} 14. e4 {[%clk 01:19:28]} {[%emt 00:04:31]}
dxe4 {[%clk 01:12:22]} {[%emt 00:05:19]} 15. dxe4 {[%clk 01:18:57]} {[%emt
00:01:00]} Rfd8 {[%clk 01:07:19]} {[%emt 00:05:32]} 16. Qe2 {[%clk 01:16:24]}
{[%emt 00:03:03]} Nd7 {[%clk 01:00:50]} {[%emt 00:07:00]} 17. Rad1 {[%clk
01:11:23]} {[%emt 00:05:32]} Ne5 {[%clk 00:57:42]} {[%emt 00:03:37]} 18. Nf3
{[%clk 01:10:34]} {[%emt 00:01:19]} Bf6 {[%clk 00:55:28]} {[%emt 00:02:44]} 19.
Nxe5 {[%clk 01:04:52]} {[%emt 00:06:12]} Bxe5 {[%clk 00:55:49]} {[%emt
00:00:08]} 20. Bxe5 {[%clk 01:04:14]} {[%emt 00:01:09]} Qxe5 {[%clk 00:56:13]}
{[%emt 00:00:06]} 21. Rd3 {[%clk 01:04:15]} {[%emt 00:00:28]} Bh5 {[%clk
00:51:51]} {[%emt 00:04:53]} 22. Bf3 {[%clk 01:01:36]} {[%emt 00:03:08]} Rxd3
{[%clk 00:51:49]} {[%emt 00:00:33]} 1/2-1/2

[Event "DVM U16 2018"]
[Site "Aurich GER"]
[Date "2018.12.29"]
[Round "6"]
[White "Faßhauer, Jacob"]
[Black "Engert, Kiyan"]
[Result "1/2-1/2"]
[Termination "normal"]
[Board "2.2"]
[WhiteElo "2062"]
[BlackElo "1718"]
[WhiteClock "00:24:39"]
[BlackClock "00:08:53"]
[WhiteTeam "SG Leipzig"]
[BlackTeam "Biebertaler SF"]
[PlyCount "58"]
[WhiteFideId "12990167"]
[BlackFideId "16214870"]
[EventCountry "GER"]
[EventRounds "7"]
[EventType "team-swiss"]
[EventDate "2018.12.26"]

1. e4 {[%clk 01:30:58]} e5 {[%clk 01:30:30]} {[%emt 00:00:31]} 2. Nf3 {[%clk
01:31:16]} {[%emt 00:00:12]} Nc6 {[%clk 01:30:52]} {[%emt 00:00:08]} 3. Bc4
{[%clk 01:31:24]} {[%emt 00:00:22]} Nf6 {[%clk 01:30:56]} {[%emt 00:00:25]} 4.
d3 {[%clk 01:31:32]} {[%emt 00:00:22]} Be7 {[%clk 01:31:05]} {[%emt 00:00:21]}
5. O-O {[%clk 01:31:02]} {[%emt 00:01:00]} O-O {[%clk 01:31:10]} {[%emt
00:00:25]} 6. Re1 {[%clk 01:30:54]} {[%emt 00:00:37]} d6 {[%clk 01:30:54]}
{[%emt 00:00:47]} 7. a4 {[%clk 01:30:58]} {[%emt 00:00:27]} Bg4 {[%clk
01:23:11]} {[%emt 00:08:13]} 8. c3 {[%clk 01:30:23]} {[%emt 00:01:05]} Re8
{[%clk 01:09:34]} {[%emt 00:14:07]} 9. Nbd2 {[%clk 01:28:33]} {[%emt 00:02:20]}
h6 {[%clk 01:04:11]} {[%emt 00:05:52]} 10. h3 {[%clk 01:27:50]} {[%emt
00:01:12]} Bh5 {[%clk 01:03:34]} {[%emt 00:01:08]} 11. Nf1 {[%clk 01:25:42]}
{[%emt 00:02:39]} Nh7 {[%clk 00:56:11]} {[%emt 00:07:53]} 12. Ng3 {[%clk
01:24:14]} {[%emt 00:01:57]} Bg6 {[%clk 00:55:51]} {[%emt 00:00:50]} 13. a5
{[%clk 01:16:48]} {[%emt 00:07:57]} a6 {[%clk 00:53:34]} {[%emt 00:02:47]} 14.
b4 {[%clk 01:15:07]} {[%emt 00:02:11]} Ng5 {[%clk 00:53:09]} {[%emt 00:00:55]}
15. Nh2 {[%clk 01:09:19]} {[%emt 00:06:15]} Ne6 {[%clk 00:42:52]} {[%emt
00:10:49]} 16. Ng4 {[%clk 01:07:06]} {[%emt 00:02:43]} Bg5 {[%clk 00:42:16]}
{[%emt 00:01:07]} 17. Ne3 {[%clk 01:06:59]} {[%emt 00:00:37]} Nf4 {[%clk
00:38:11]} {[%emt 00:04:35]} 18. Nd5 {[%clk 00:57:36]} {[%emt 00:09:52]} Qd7
{[%clk 00:28:26]} {[%emt 00:10:13]} 19. Qf3 {[%clk 00:53:45]} {[%emt 00:04:23]}
Nxd5 {[%clk 00:27:07]} {[%emt 00:01:49]} 20. Bxd5 {[%clk 00:53:07]} {[%emt
00:01:08]} Bxc1 {[%clk 00:26:19]} {[%emt 00:01:19]} 21. Raxc1 {[%clk 00:52:59]}
{[%emt 00:00:38]} Rab8 {[%clk 00:25:11]} {[%emt 00:01:38]} 22. Bc4 {[%clk
00:43:01]} {[%emt 00:10:27]} Kh8 {[%clk 00:22:11]} {[%emt 00:03:30]} 23. Re3
{[%clk 00:37:02]} {[%emt 00:06:30]} Rf8 {[%clk 00:21:35]} {[%emt 00:01:06]} 24.
Qg4 {[%clk 00:36:35]} {[%emt 00:00:57]} Rbd8 {[%clk 00:14:32]} {[%emt
00:07:32]} 25. Bd5 {[%clk 00:35:46]} {[%emt 00:01:19]} Nb8 {[%clk 00:08:41]}
{[%emt 00:06:22]} 26. Rce1 {[%clk 00:25:20]} {[%emt 00:10:55]} c6 {[%clk
00:08:49]} {[%emt 00:00:22]} 27. Bb3 {[%clk 00:25:40]} {[%emt 00:00:08]} Qxg4
{[%clk 00:08:40]} {[%emt 00:00:42]} 28. hxg4 {[%clk 00:26:07]} {[%emt
00:00:02]} f6 {[%clk 00:08:42]} {[%emt 00:00:27]} 29. d4 {[%clk 00:24:39]}
{[%emt 00:01:59]} Bf7 {[%clk 00:08:53]} {[%emt 00:00:19]} 1/2-1/2

[Event "DVM U16 2018"]
[Site "Aurich GER"]
[Date "2018.12.29"]
[Round "6"]
[White "Engländer, Leon Arne"]
[Black "Haufe, Laurin"]
[Result "0-1"]
[Termination "normal"]
[Board "2.3"]
[WhiteElo "1729"]
[BlackElo "1966"]
[WhiteClock "00:23:54"]
[BlackClock "00:58:35"]
[WhiteTeam "Biebertaler SF"]
[BlackTeam "SG Leipzig"]
[PlyCount "62"]
[WhiteFideId "12997226"]
[BlackFideId "12976504"]
[EventCountry "GER"]
[EventRounds "7"]
[EventType "team-swiss"]
[EventDate "2018.12.26"]

1. e4 {[%clk 01:30:54]} {[%emt 00:00:05]} c5 {[%clk 01:30:56]} {[%emt
00:00:05]} 2. Nc3 {[%clk 01:31:15]} {[%emt 00:00:09]} Nc6 {[%clk 01:31:17]}
{[%emt 00:00:09]} 3. d3 {[%clk 01:31:36]} {[%emt 00:00:09]} e6 {[%clk
01:31:39]} {[%emt 00:00:08]} 4. g3 {[%clk 01:31:27]} {[%emt 00:00:39]} Be7
{[%clk 01:31:49]} {[%emt 00:00:19]} 5. Bg2 {[%clk 01:31:40]} {[%emt 00:00:17]}
Nf6 {[%clk 01:32:03]} {[%emt 00:00:16]} 6. f4 {[%clk 01:31:53]} {[%emt
00:00:18]} d5 {[%clk 01:32:25]} {[%emt 00:00:08]} 7. Bd2 {[%clk 01:27:39]}
{[%emt 00:04:44]} Rb8 {[%clk 01:31:30]} {[%emt 00:01:25]} 8. Nf3 {[%clk
01:26:29]} {[%emt 00:01:40]} b5 {[%clk 01:31:25]} {[%emt 00:00:35]} 9. e5
{[%clk 01:23:08]} {[%emt 00:03:51]} Nd7 {[%clk 01:31:48]} {[%emt 00:00:07]} 10.
O-O {[%clk 01:22:26]} {[%emt 00:01:13]} b4 {[%clk 01:31:09]} {[%emt 00:01:08]}
11. Ne2 {[%clk 01:22:26]} {[%emt 00:00:30]} Ba6 {[%clk 01:30:16]} {[%emt
00:01:22]} 12. Be3 {[%clk 01:15:39]} {[%emt 00:07:18]} Nb6 {[%clk 01:29:23]}
{[%emt 00:01:23]} 13. g4 {[%clk 01:13:33]} {[%emt 00:02:36]} h5 {[%clk
01:29:18]} {[%emt 00:00:34]} 14. h3 {[%clk 01:10:01]} {[%emt 00:04:03]} hxg4
{[%clk 01:27:50]} {[%emt 00:01:59]} 15. hxg4 {[%clk 01:10:23]} {[%emt
00:00:07]} Qc7 {[%clk 01:25:32]} {[%emt 00:02:47]} 16. Ng3 {[%clk 01:08:10]}
{[%emt 00:02:44]} c4 {[%clk 01:20:29]} {[%emt 00:05:33]} 17. Rf2 {[%clk
01:06:55]} {[%emt 00:01:44]} Na4 {[%clk 01:17:28]} {[%emt 00:03:31]} 18. Rb1
{[%clk 01:02:08]} {[%emt 00:05:17]} g6 {[%clk 01:08:13]} {[%emt 00:09:46]} 19.
d4 {[%clk 00:57:58]} {[%emt 00:04:41]} Kd7 {[%clk 01:06:49]} {[%emt 00:01:53]}
20. g5 {[%clk 00:56:07]} {[%emt 00:02:21]} Rh7 {[%clk 01:03:36]} {[%emt
00:03:42]} 21. Ne2 {[%clk 00:52:41]} {[%emt 00:03:56]} c3 {[%clk 01:01:38]}
{[%emt 00:02:28]} 22. b3 {[%clk 00:44:04]} {[%emt 00:09:08]} Bxe2 {[%clk
01:01:50]} {[%emt 00:00:17]} 23. Qxe2 {[%clk 00:44:27]} {[%emt 00:00:08]} Nb6
{[%clk 01:01:38]} {[%emt 00:00:41]} 24. Ra1 {[%clk 00:40:11]} {[%emt 00:04:46]}
Nc8 {[%clk 01:00:23]} {[%emt 00:01:45]} 25. Bc1 {[%clk 00:37:50]} {[%emt
00:02:52]} Bf8 {[%clk 00:59:42]} {[%emt 00:01:11]} 26. a4 {[%clk 00:37:17]}
{[%emt 00:01:03]} bxa3 {[%clk 00:59:49]} {[%emt 00:00:22]} 27. Bxa3 {[%clk
00:37:28]} {[%emt 00:00:20]} Qa5 {[%clk 01:00:11]} {[%emt 00:00:08]} 28. Bxf8
{[%clk 00:27:17]} {[%emt 00:10:41]} Qxa1+ {[%clk 01:00:28]} {[%emt 00:00:12]}
29. Rf1 {[%clk 00:26:13]} {[%emt 00:01:34]} Qa5 {[%clk 00:59:22]} {[%emt
00:01:35]} 30. Qf2 {[%clk 00:23:53]} {[%emt 00:02:52]} N8e7 {[%clk 00:58:21]}
{[%emt 00:01:31]} 31. Bh6 {[%clk 00:23:54]} {[%emt 00:00:29]} Nf5 {[%clk
00:58:35]} {[%emt 00:00:15]} 0-1

[Event "DVM U16 2018"]
[Site "Aurich GER"]
[Date "2018.12.29"]
[Round "6"]
[White "Enxing, Philemon"]
[Black "Grunwald, Jonathan"]
[Result "1-0"]
[Termination "normal"]
[Board "2.4"]
[WhiteElo "1805"]
[BlackElo "1716"]
[WhiteClock "00:15:46"]
[BlackClock "00:04:55"]
[WhiteTeam "SG Leipzig"]
[BlackTeam "Biebertaler SF"]
[PlyCount "65"]
[WhiteFideId "16217632"]
[BlackFideId "12955744"]
[EventCountry "GER"]
[EventRounds "7"]
[EventType "team-swiss"]
[EventDate "2018.12.26"]

1. e4 {[%clk 01:30:58]} {[%emt 00:00:01]} e5 {[%clk 01:30:52]} {[%emt
00:00:08]} 2. Nf3 {[%clk 01:31:25]} {[%emt 00:00:03]} Nc6 {[%clk 01:31:14]}
{[%emt 00:00:08]} 3. Bc4 {[%clk 01:31:51]} {[%emt 00:00:05]} Bc5 {[%clk
01:31:22]} {[%emt 00:00:21]} 4. c3 {[%clk 01:32:12]} {[%emt 00:00:09]} Nf6
{[%emt 00:00:27]} 5. d3 {[%clk 01:32:33]} O-O {[%clk 01:31:27]} {[%emt
00:00:37]} 6. O-O {[%clk 01:32:49]} {[%emt 00:00:14]} d5 {[%clk 01:30:07]}
{[%emt 00:01:49]} 7. exd5 {[%clk 01:30:47]} {[%emt 00:02:34]} Nxd5 {[%clk
01:30:28]} {[%emt 00:00:09]} 8. Re1 {[%clk 01:30:37]} {[%emt 00:00:40]} Bg4
{[%clk 01:27:51]} {[%emt 00:03:06]} 9. h3 {[%clk 01:29:58]} {[%emt 00:01:09]}
Bh5 {[%clk 01:25:16]} {[%emt 00:03:05]} 10. Nbd2 {[%clk 01:29:22]} {[%emt
00:01:07]} Nb6 {[%clk 01:14:12]} {[%emt 00:11:33]} 11. b4 {[%clk 01:21:11]}
{[%emt 00:08:42]} Bd6 {[%clk 01:12:12]} {[%emt 00:02:29]} 12. Bb3 {[%clk
01:20:23]} {[%emt 00:01:18]} a5 {[%clk 01:07:42]} {[%emt 00:05:00]} 13. b5
{[%clk 01:18:27]} {[%emt 00:02:27]} Ne7 {[%clk 01:06:42]} {[%emt 00:01:29]} 14.
a4 {[%clk 01:16:02]} {[%emt 00:02:56]} Ned5 {[%clk 00:57:47]} {[%emt 00:09:24]}
15. Ne4 {[%clk 01:01:41]} {[%emt 00:14:52]} Nf4 {[%clk 00:48:29]} {[%emt
00:09:47]} 16. Bxf4 {[%clk 00:45:38]} {[%emt 00:16:33]} exf4 {[%clk 00:48:34]}
{[%emt 00:00:24]} 17. Nxd6 {[%clk 00:39:11]} {[%emt 00:06:59]} Qxd6 {[%clk
00:48:34]} {[%emt 00:00:29]} 18. d4 {[%emt 00:04:31]} Rfe8 {[%emt 00:05:08]}
19. Rxe8+ {[%clk 00:33:16]} {[%emt 00:00:46]} Rxe8 {[%clk 00:45:58]} {[%emt
00:00:07]} 20. Qd3 {[%emt 00:06:38]} Nd7 {[%emt 00:05:31]} 21. Re1 {[%emt
00:04:34]} Rd8 {[%emt 00:04:18]} 22. Qe4 {[%emt 00:08:35]} c6 {[%clk 00:28:02]}
{[%emt 00:01:29]} 23. bxc6 {[%clk 00:20:53]} {[%emt 00:02:44]} bxc6 {[%clk
00:28:12]} {[%emt 00:00:19]} 24. Ne5 {[%clk 00:19:35]} {[%emt 00:01:49]} Nb8
{[%clk 00:13:28]} {[%emt 00:15:14]} 25. Qxf4 {[%clk 00:19:18]} {[%emt
00:00:47]} Qe7 {[%clk 00:12:44]} {[%emt 00:01:14]} 26. Re3 {[%clk 00:17:51]}
{[%emt 00:01:57]} Qb7 {[%clk 00:11:52]} {[%emt 00:01:21]} 27. Ba2 {[%clk
00:16:19]} {[%emt 00:02:02]} Rf8 {[%clk 00:06:12]} {[%emt 00:06:09]} 28. g4
{[%clk 00:15:49]} {[%emt 00:01:01]} Bg6 {[%clk 00:06:26]} {[%emt 00:00:16]} 29.
h4 {[%clk 00:15:45]} {[%emt 00:00:34]} Qb2 {[%clk 00:06:07]} {[%emt 00:00:49]}
30. Bc4 {[%clk 00:15:47]} {[%emt 00:00:28]} Qb7 {[%clk 00:05:57]} {[%emt
00:00:40]} 31. h5 {[%clk 00:15:41]} {[%emt 00:00:36]} Bc2 {[%clk 00:06:07]}
{[%emt 00:00:19]} 32. Nxf7 {[%clk 00:15:43]} {[%emt 00:00:29]} Nd7 {[%clk
00:04:55]} {[%emt 00:01:42]} 33. Nd6+ {[%clk 00:15:46]} {[%emt 00:00:28]} 1-0

[Event "DVM U16 2018"]
[Site "Aurich GER"]
[Date "2018.12.29"]
[Round "6"]
[White "Garbuz, Vitaliy"]
[Black "Pölt, Christoph"]
[Result "1/2-1/2"]
[Termination "normal"]
[Board "3.1"]
[WhiteElo "2119"]
[BlackElo "2075"]
[WhiteClock "00:00:47"]
[BlackClock "00:01:10"]
[WhiteTeam "SF Brackel"]
[BlackTeam "TV Tegernsee"]
[PlyCount "80"]
[WhiteFideId "12990710"]
[BlackFideId "12960853"]
[EventCountry "GER"]
[EventRounds "7"]
[EventType "team-swiss"]
[EventDate "2018.12.26"]

1. e4 {[%clk 01:30:57]} {[%emt 00:00:03]} c6 {[%clk 01:30:55]} {[%emt
00:00:06]} 2. d4 {[%clk 01:31:22]} {[%emt 00:00:05]} d5 {[%clk 01:31:19]}
{[%emt 00:00:06]} 3. exd5 {[%clk 01:31:33]} {[%emt 00:00:19]} cxd5 {[%clk
01:31:44]} {[%emt 00:00:05]} 4. c4 {[%clk 01:31:54]} {[%emt 00:00:09]} Nf6
{[%clk 01:32:03]} {[%emt 00:00:11]} 5. Nc3 {[%clk 01:32:18]} {[%emt 00:00:06]}
g6 {[%clk 01:32:01]} {[%emt 00:00:32]} 6. Qb3 {[%clk 01:22:09]} {[%emt
00:10:37]} Bg7 {[%clk 01:30:35]} {[%emt 00:01:58]} 7. Bg5 {[%clk 01:21:18]}
{[%emt 00:01:22]} O-O {[%clk 01:24:54]} {[%emt 00:06:10]} 8. cxd5 {[%clk
01:19:48]} {[%emt 00:01:59]} Nbd7 {[%clk 01:23:11]} {[%emt 00:02:13]} 9. Nf3
{[%clk 01:20:01]} {[%emt 00:00:17]} Nb6 {[%clk 01:22:50]} {[%emt 00:00:52]} 10.
Bxf6 {[%clk 01:09:13]} {[%emt 00:11:18]} Bxf6 {[%clk 01:23:10]} {[%emt
00:00:10]} 11. Be2 {[%clk 01:09:27]} {[%emt 00:00:16]} Bg4 {[%clk 01:18:15]}
{[%emt 00:05:26]} 12. Rd1 {[%clk 01:07:50]} {[%emt 00:02:06]} Qd6 {[%clk
01:07:37]} {[%emt 00:11:09]} 13. h3 {[%clk 00:59:15]} {[%emt 00:09:03]} Bf5
{[%clk 01:04:15]} {[%emt 00:03:52]} 14. O-O {[%clk 00:49:36]} {[%emt 00:10:10]}
Rfd8 {[%clk 01:02:23]} {[%emt 00:02:22]} 15. Rfe1 {[%clk 00:48:40]} {[%emt
00:01:26]} Rac8 {[%clk 00:58:28]} {[%emt 00:04:24]} 16. Ne5 {[%clk 00:43:22]}
{[%emt 00:05:48]} h5 {[%clk 00:35:40]} {[%emt 00:23:19]} 17. Bf3 {[%clk
00:26:11]} {[%emt 00:17:40]} h4 {[%clk 00:32:07]} {[%emt 00:04:04]} 18. a4
{[%clk 00:20:40]} {[%emt 00:06:00]} a5 {[%clk 00:30:31]} {[%emt 00:02:06]} 19.
Be4 {[%clk 00:12:19]} {[%emt 00:08:51]} Bd7 {[%clk 00:26:35]} {[%emt 00:04:26]}
20. Rc1 {[%clk 00:06:02]} {[%emt 00:06:47]} Qb4 {[%clk 00:23:15]} {[%emt
00:03:51]} 21. Qxb4 {[%clk 00:05:45]} {[%emt 00:00:46]} axb4 {[%clk 00:23:44]}
{[%emt 00:00:01]} 22. Nxd7 {[%clk 00:05:25]} {[%emt 00:00:50]} Rxd7 {[%clk
00:22:18]} {[%emt 00:01:56]} 23. Nb5 {[%clk 00:04:10]} {[%emt 00:01:45]} Rxc1
{[%clk 00:20:58]} {[%emt 00:01:50]} 24. Rxc1 {[%clk 00:04:38]} {[%emt
00:00:02]} Nxa4 {[%clk 00:19:12]} {[%emt 00:02:16]} 25. Rc4 {[%clk 00:03:21]}
{[%emt 00:01:47]} Nb6 {[%clk 00:17:58]} {[%emt 00:01:44]} 26. Rxb4 {[%clk
00:03:50]} {[%emt 00:00:01]} Nxd5 {[%clk 00:17:20]} {[%emt 00:01:08]} 27. Rc4
{[%clk 00:02:57]} {[%emt 00:01:23]} e6 {[%clk 00:14:56]} {[%emt 00:02:54]} 28.
b3 {[%clk 00:03:04]} {[%emt 00:00:23]} Nf4 {[%clk 00:10:19]} {[%emt 00:05:07]}
29. Bf3 {[%clk 00:03:01]} {[%emt 00:00:32]} Kg7 {[%clk 00:08:49]} {[%emt
00:02:01]} 30. Kf1 {[%clk 00:02:12]} {[%emt 00:01:19]} Kf8 {[%clk 00:05:22]}
{[%emt 00:03:57]} 31. Rc8+ {[%clk 00:00:41]} {[%emt 00:02:01]} Ke7 {[%clk
00:05:14]} {[%emt 00:00:38]} 32. Rb8 {[%clk 00:01:07]} {[%emt 00:00:04]} Nd5
{[%clk 00:04:32]} {[%emt 00:01:12]} 33. Ke2 {[%clk 00:01:36]} g5 {[%clk
00:03:19]} {[%emt 00:01:43]} 34. Kf1 {[%clk 00:00:58]} {[%emt 00:01:09]} Bg7
{[%clk 00:02:43]} {[%emt 00:01:06]} 35. Ke2 {[%clk 00:01:12]} {[%emt 00:00:15]}
f5 {[%clk 00:02:19]} {[%emt 00:00:54]} 36. Bxd5 {[%clk 00:01:05]} {[%emt
00:00:37]} exd5 {[%clk 00:02:34]} {[%emt 00:00:15]} 37. Kd3 {[%clk 00:01:10]}
{[%emt 00:00:25]} g4 {[%clk 00:02:14]} {[%emt 00:00:51]} 38. Rg8 {[%clk
00:01:00]} {[%emt 00:00:38]} Kf7 {[%clk 00:02:22]} {[%emt 00:00:23]} 39. Rc8
{[%clk 00:01:12]} {[%emt 00:00:18]} g3 {[%clk 00:00:52]} {[%emt 00:02:01]} 40.
fxg3 {[%clk 00:00:47]} {[%emt 00:00:55]} hxg3 {[%clk 00:01:10]} {[%emt
00:00:11]} 1/2-1/2